| 000 | 00631nam a22002291c 4500 | ||
|---|---|---|---|
| 001 | a987673591 | ||
| 008 | 141125s2014 gw a||| 000u rus d | ||
| 020 |
_a9785948812571 _9978-5-94881-257-1 |
||
| 041 | _arus | ||
| 100 | 1 | _aBogdanov, Nikolaj N. | |
| 245 | 0 | 0 |
_a"Lica neobščim vyražen'em..." : _brodstvennoe okruženie F. M. Dostoevskogo |
| 250 | _a2., bearb. Aufl. | ||
| 264 |
_aMoskva : _bNovyj chronograf, _c2014 |
||
| 300 | _a472 S.: Ill. | ||
| 600 | 0 | _aDostoevskij <Familie> | |
| 648 | 0 | _a1880-1991 | |
| 651 | 0 | _aRussland | |
| 651 | 0 | _aSowjetunion | |
| 942 | _cMG | ||
| 040 | _cRU-10907106 | ||
| 003 | RU-10907106 | ||
| 999 |
_c37965 _d37965 |
||